000 00462nam a2200193Ia 4500
005 20240823032841.0
008 240823s9999||||xx |||||||||||||| ||und||
020 _a81-309-0466-7
041 _aENGLISH
082 _A821.1 P7
100 _aHarold Bloom Ed.
245 0 _aGeoffrey Chaucers The Pardoners Tale
250 _a1st
260 _c2007
_b"Viva Books, Privated Li"
500 _aYES
650 _aStory
_bEnglish
942 _cBK
999 _c194406
_d194406